000 00824nas a2200277 4500
001 BR2012007471
003 BR-BrBNA
005 20231205121251.0
007 ta
008 230509b bl.|||p| |||| 00| 00por d
040 _aBR-BrBNA
_bpor
_cBiblioteca Nacional de Agricultura
041 _a(Pt)
072 _aH60
100 1 _aAlmeida, K. de
100 1 _aCâmara, F.L.A.
245 1 _aPreparados homeopáticos e adubação verde no controle de Cyperus rotundus L.
650 _aLEGUMINOSA FORRAGEIRA
650 _aCYPERUS ROTUNDUS
650 _aTIRIRICA
650 _aERVA DANINHA
650 _aADUBO VERDE
650 _aHOMEOPATIA
773 0 _tRevista Ceres (Brazil)
_xISSN 0034-737X
_g(May-Jun 2012), v. 59(3) p. 422-426
_wBR2012007471
909 _a202311
_bLúcia
_c55
_dLúcia Elande
942 _2AGRIS
_n0
_cANA
999 _c222645
_d222645